Aves de adorno / (Record no. 148460)

MARC details
000 -LEADER
campo de control de longitud fija 00708nam a2200217 i 4500
001 - NÚMERO DE CONTROL
campo de control 148460
003 - IDENTIFICADOR DE NÚMERO DE CONTROL
campo de control ES-MaACL
005 - FECHA Y HORA DE LA ÚLTIMA TRANSACCIÓN
campo de control 20230906202640.0
007 - CAMPO FIJO DE DESCRIPCIÓN FÍSICA--INFORMACIÓN GENERAL
campo de control de longitud fija t|
008 - DATOS DE LONGITUD FIJA--INFORMACIÓN GENERAL
campo de control de longitud fija 070214s1965 sp af |||| | spa d
080 ## - NÚMERO DE LA CLASIFICACIÓN DECIMAL UNIVERSAL
Número de la Clasificación Decimal Universal 636.6
100 1# - ENTRADA PRINCIPAL--NOMBRE DE PERSONA
Nombre de persona Steinbacher, Georg.
9 (RLIN) 108041
245 10 - MENCIÓN DEL TÍTULO
Título Aves de adorno /
Mención de responsabilidad, etc. Georg Steinbacher ; dibujos de Robert Scholz ; traducción de Emma Gifre ; revisada por Antonio Jonch Cuspinera.
260 ## - PUBLICACIÓN, DISTRIBUCIÓN, ETC.
Lugar de publicación, distribución, etc. Barcelona :
Nombre del editor, distribuidor, etc. Omega,
Fecha de publicación, distribución, etc. 1965.
300 ## - DESCRIPCIÓN FÍSICA
Extensión 285 p., 24 lám. :
Otras características físicas il. ;
Dimensiones 20 cm.
650 04 - PUNTO DE ACCESO ADICIONAL DE MATERIA--TÉRMINO DE MATERIA
Término de materia o nombre geográfico como elemento de entrada Aves.
9 (RLIN) 135654
700 1# - ENTRADA AGREGADA--NOMBRE PERSONAL
Nombre de persona Scholz, Robert.
9 (RLIN) 104642
700 1# - ENTRADA AGREGADA--NOMBRE PERSONAL
Nombre de persona Gifre de Martinell, Emma.
9 (RLIN) 56703
700 0# - ENTRADA AGREGADA--NOMBRE PERSONAL
Nombre de persona Jonch i Cuspinera, Antoni.
9 (RLIN) 66823
852 ## - LOCALIZACIÓN
Ubicación ES-MaACL
Número de control de estantería C-28781
Holdings
Estatus retirado Estado de pérdida Estado de daño No para préstamo Biblioteca de origen Biblioteca actual Ubicación en estantería Fecha de adquisición Fuente de adquisición Total de préstamos Signatura topográfica completa Código de barras Visto por última vez Precio de reemplazo Tipo de ítem Koha
        Biblioteca del Ateneo de Madrid Biblioteca del Ateneo de Madrid Depósito 2 17/01/2008     C-28781 1154933 23/02/2023 23/02/2023 Libro impreso